El aire : (Registro nro. 3309)

Detalles MARC
000 -LEADER
fixed length control field 00625nam a2200205Ia 4500
003 - CONTROL NUMBER IDENTIFIER
control field OSt
005 - DATE AND TIME OF LATEST TRANSACTION
control field 20200613235027.0
008 - FIXED-LENGTH DATA ELEMENTS--GENERAL INFORMATION
fixed length control field 191128s2010 ck a gr 000 j spa d
020 ## - INTERNATIONAL STANDARD BOOK NUMBER
International Standard Book Number 9789589995921
040 ## - CATALOGING SOURCE
Original cataloging agency CO-JMCR
Transcribing agency CO-JMCR
041 0# - LANGUAGE CODE
Language code of text/sound track or separate title spa
082 04 - DEWEY DECIMAL CLASSIFICATION NUMBER
Classification number H /
Item number ALCai
100 ## - MAIN ENTRY--PERSONAL NAME
Personal name Alcaldía Mayor de Bogotá
9 (RLIN) 5614
245 13 - TITLE STATEMENT
Title El aire :
Remainder of title un tesoro que compartimos /
Statement of responsibility, etc. Alcaldía Mayor de Bogotá
260 ## - PUBLICATION, DISTRIBUTION, ETC.
Place of publication, distribution, etc. Bogotá :
Name of publisher, distributor, etc. Subdirección Imprenta Distrital,
Date of publication, distribution, etc. 2010
300 ## - PHYSICAL DESCRIPTION
Extent 28 páginas :
Other physical details ilustraciones a color ;
Dimensions 20 cm.
490 0# - SERIES STATEMENT
Series statement Cultura ambiental
650 14 - SUBJECT ADDED ENTRY--TOPICAL TERM
Topical term or geographic name entry element Tiras cómicas
9 (RLIN) 5616
942 ## - ADDED ENTRY ELEMENTS (KOHA)
Source of classification or shelving scheme Dewey Decimal Classification
Koha item type Books
Existencias
Withdrawn status Lost status Source of classification or shelving scheme Damaged status Not for loan Collection code Home library Current library Date acquired Source of acquisition Cost, normal purchase price Total Checkouts Full call number Barcode Date last seen Date last checked out Copy number Koha item type
    Dewey Decimal Classification     Fiction Biblioteca Pública José María del Castillo y Rada Biblioteca Pública José María del Castillo y Rada 11/28/2019 Donación 0.00 7 H / ALCa 201507049 12/01/2025 12/01/2025 Ej.1 Books